Modeling corporate financial structure
Vplyv zmien a prostredia na finančné riadenie podnikov. Základné atribúty modelovania finančnej štruktúry podniku a náklady vlastného a cudzieho kapitálu podniku. Súvislosť medzi kvalitou prostredia a financovaním podnikov.
Enregistré dans:
| Auteur principal: | |
|---|---|
| Format: | Chapitre de livre |
| Langue: | slovaque |
| Sujets: | |
| Tags: |
Pas de tags, Soyez le premier à ajouter un tag!
|
MARC
| LEADER | 00000nla a2200000 4500 | ||
|---|---|---|---|
| 001 | 0221187 | ||
| 005 | 20240502073632.3 | ||
| 041 | 0 | |a slo | |
| 044 | |a SK | ||
| 245 | 1 | 0 | |a Modeling corporate financial structure |c Alena Tóthová |
| 520 | |a Vplyv zmien a prostredia na finančné riadenie podnikov. Základné atribúty modelovania finančnej štruktúry podniku a náklady vlastného a cudzieho kapitálu podniku. Súvislosť medzi kvalitou prostredia a financovaním podnikov. | ||
| 610 | 2 | 0 | |a hospodárstvo podniku finančné |
| 610 | 2 | 0 | |a kapitál podnikový |
| 610 | 2 | 0 | |a riadenie finančné |
| 610 | 2 | 0 | |a zdroje finančné |
| 610 | 2 | 0 | |a štruktúra podniku finančná |
| 610 | 2 | 0 | |a modely |
| 100 | 1 | |a Tóthová, Alena, 1968- | |